Artists / Singers by their Songs - Statistics

General Stats
  • This quiz has been taken 562 times
  • The average score is 6 of 10
Answer Stats
Hint Answer % Correct
Lose Yourself / Stan / Not Afraid / Rap God Eminem
96%
Where Is the Love? / My Humps / Boom Boom Pow / I Gotta Feeling Black Eyed Peas
85%
Rehab / Back to Black / Valerie / Love Is a Losing Game Amy Winehouse
78%
Fallin' / No One / Girl on Fire / If I Ain't Got You Alicia Keys
69%
Pompeii / Happier / Things We Lost in the Fire / Of the Night Bastille
61%
(Everything I Do) I Do It for You / Please Forgive Me / Have You Ever Really Loved a Woman? / Summer of '69 Bryan Adams
60%
You're Still the One / That Don't Impress Me Much / Man! I Feel Like a Woman! / From This Moment On Shania Twain
50%
Paranoid / Iron Man / Children of the Grave / Am I Going Insane (Radio) Black Sabbath
47%
Work from Home / Worth It / That's My Girl / Sledgehammer Fifth Harmony
47%
Meant to Be / Me, Myself & I / In the Name of Love / Hey Mama Bebe Rexha
39%
No matching quizzes found
Score Distribution
Percent of People with Each Score
Percentile by Number Answered
Your Score History
You have not taken this quiz